| 000 | 00799cab a2200253 4500 | ||
|---|---|---|---|
| 001 | WB2819-84 | ||
| 008 | 090401t1992 xxu||||| |||| 00| 0 eng d | ||
| 035 | _a(Sirsi) u7583 | ||
| 041 | _aeng | ||
| 245 | _aEC wants cities to have car-free zones | ||
| 260 | _c1992 | ||
| 350 | _a0 | ||
| 490 |
_aGuardian _v11 May 1992, 3(1) |
||
| 520 | _aCities and towns are to be encouraged to reduce the use of cars or ban them within defined areas under a European Commission plan to tackle exhaust emissions and improve air quality. | ||
| 650 | _aAIR POLLUTION | ||
| 650 | _aCITIES WITHOUT CARS SCHEME | ||
| 650 | _aCITY CENTRES | ||
| 650 | _aEUROPEAN COMMISSION | ||
| 650 | _aTRAFFIC CALMING | ||
| 650 | _aTRAFFIC | ||
| 690 | _aTRANSPORT AND COMMUNICATIONS | ||
| 942 | _n0 | ||
| 948 | _c04/03/1997 | ||
| 999 |
_c4604 _d4604 |
||